00780naa a22001217i 450000100060000000300090000600500170001500800410003204000290007310001540010224501780025677302240043410532KOSZ 00520180427100517.0180427s1993 pl ||||f |||| 10| 0 pol d aKOSZ 005/ARcKOSZ 005/AR1 aKICZKOWIAK, Tomasz.bWyższa Szkoła Inżynierska w Koszalinie - Wydział Mechaniczny, Katedra Projektowania Systemów Technicznych,d1978 - 1996.10aCharakterystyka komputerowego systemu wspomagania projektowania pneumatycznych układów sterowniczo-napędowych opracowanego w WSInż. w Koszalinie /cTomasz Kiczkowiak.0 iW :t "Pneumatyczne układy napędowe i sterujące" PNEUMA 93 : VII Ogólnopolska Konferencja, Mielno [03-06.06.1993] / PNEUMA 93 red. Wojciech Tarnowski, Tomasz Kiczkowiak. - dKoszalin : Wydaw. WSI, 1994.gs. 21-29